| 000 | 00662nam a2200229 4500 | ||
|---|---|---|---|
| 001 | 110286 | ||
| 003 | ES-MaACL | ||
| 005 | 20230906185022.0 | ||
| 007 | t| | ||
| 008 | 061121s1967 sp r ||||1| spa d | ||
| 100 | 1 |
_aMolin, Juan Bautista. _981874 |
|
| 245 | 1 | 0 |
_aRenovación de las preces de los fieles / _cpor J.B. Molin y Th. Maertens. |
| 260 |
_aMadrid : _bMarova, _c1967. |
||
| 300 |
_a233 p. ; _c21 cm. |
||
| 490 | 1 |
_aChristus pastor ; _v23 |
|
| 650 | 0 | 0 |
_aMisa. _915074 |
| 650 | 0 | 0 |
_aPredicación. _916342 |
| 700 | 1 |
_aMaertens, Thierry. _9184379 |
|
| 830 | 1 |
_aChristus pastor ; _v23 _9182711 |
|
| 852 |
_aES-MaACL _jC-34116 |
||
| 999 |
_c110286 _d110286 |
||